| 000 | 01170nam0a22002771 4500 | ||
|---|---|---|---|
| 001 | rc\281659 | ||
| 005 | 20250621015052.0 | ||
| 035 | _a(NLR Aleph) 005508784 | ||
| 090 |
_a5383954 _c5383954 |
||
| 100 | _a20030307d1990 |||y0rusy50 ca | ||
| 101 | 0 | _arus | |
| 102 | _aRU | ||
| 105 | _aa ||||||||| | ||
| 200 | 1 |
_aДинамика диполей растворителя в сольватных оболочках возбужденных молекул. Замещенные дифенилполиены в спиртах _fВ.С. Павлович, С.В. Заблоцкий, Л.Ш. Афанасиади |
|
| 210 |
_aМинск _cИФ _d1990 |
||
| 215 |
_a28 с. _cил. _d20 |
||
| 225 | 1 |
_aПрепринт _fИн-т физики им. Б.И. Степанова АН БССР _v№ 593 |
|
| 320 | _aБиблиогр.: с. 24-27 | ||
| 700 | 1 |
_aПавлович _bВ.С. _gВладимир Свиридович |
|
| 701 | 1 |
_aЗаблоцкий _bП.П. _gПетр Павлович |
|
| 701 | 1 |
_aАфанасиади _bЛ.Ш. _gЛюдмила Шмулевна |
|
| 801 | 0 |
_aRU _bNLR _gpsbo |
|
| 801 | 1 |
_aRU _bELAR _2rusmarc |
|
| 852 |
_aNLR _j90-4/8832 |
||
| 942 | _cBOOK | ||
| 980 | _aNB | ||